Statistics for Taylor Swift - fill in the blanks

Click here to take the quiz!

General Stats

  • This quiz has been taken 338 times
  • The average score is 11 of 15

Answer Stats

HintAnswer% Correct
It's a ____ _____ baby just say yesLove story
93%
Cause baby now we've got ___ _____Bad blood
92%
Welcome to ___ ____New york
89%
Cause when you're fifteen and somebody tells you ____ ____ ___They love you
87%
So this is me swallowing __ _____My pride
80%
Our song is the slamming _____ _____Screen door
77%
She's going off about _________ ____ ___ ____Something that you said
77%
You, with your words like _____Knives
77%
____ looks at me / I fake a smile so he won't seeDrew
74%
When you think ___ ______, I hope you think of meTim McGraw
72%
Missing him was dark ____ all aloneGrey
71%
I remember how we felt sitting by ___ _____The water
70%
Got nothing in my _____Brain
64%
He always said he didn't get ____ ____, but I doThis song
55%
Your eyes looking like ______ ____Coming home
25%

Score Distribution

Percentile by Number Answered

Percent of People with Each Score

Your Score History

You have not taken this quiz